Познай автономните области в Испания - Statistics

General Stats
  • This quiz has been taken 39 times
  • The average score is 10 of 17
Answers on the Map
Answers color-coded by a green-red scale on the quiz's map according to % correct below.
 
Answer Stats
Answer % Correct
Каталуния
88%
Балеарски острови
80%
Андалусия
80%
Канарски острови
76%
Валенсия
72%
Мурсия
64%
Галисия
64%
Естремадура
56%
Кастилия и Леон
56%
Астурия
56%
Мадрид
52%
Арагон
52%
Баския
52%
Кастилия Ла Манча
48%
Кантабрия
44%
Навара
36%
Ла Риоха
28%
No matching quizzes found
Score Distribution
Percent of People with Each Score
Percentile by Number Answered
Your Score History
You have not taken this quiz